|
|
|
|
| LEADER |
00000nab a2200000 ar4500 |
| 001 |
vtls008998154 |
| 003 |
SK-MaSNL |
| 005 |
20260303065833.0 |
| 008 |
070612c2007 xo mr|p|||||||000 b|slo |
| 015 |
|
|
|a SNBRB2007/06
|2 snkbucl
|
| 038 |
|
|
|a SNKBUCL
|
| 040 |
|
|
|a SNKBUCL
|b slo
|c SNKBUCL
|e AACR2
|
| 041 |
|
|
|a slo
|
| 044 |
|
|
|a xo
|c SK
|
| 080 |
|
|
|a 658.15:657.432/.433
|2 1997
|
| 080 |
|
|
|a 657.432/.433
|2 1997
|
| 100 |
1 |
|
|a Šima, Ľubomír
|4 aut
|9 1048702
|
| 245 |
1 |
0 |
|a Vzájomné započítanie pohľadávok (kompenzácia)
|c Ľubomír Šima, Anna Jurišová, Jana Turóciová
|
| 650 |
0 |
7 |
|a pohľadávky
|x zápočet
|2 snkbucl
|9 838505
|
| 700 |
1 |
|
|a Jurišová, Anna
|4 aut
|9 310665
|
| 700 |
1 |
|
|a Turóciová, Jana
|4 aut
|9 310666
|
| 773 |
0 |
|
|t Daňový a účtovný poradca podnikateľa
|g Č. 8 (2007), s. 43-49
|x 1335-0897
|
| 852 |
|
|
|a SNK
|b KIS3GCP
|
| 999 |
|
|
|c 1752943
|d 1754873
|